Hiện trạng sạt lở và bồi tụ khu vực ven biển và cửa sông Cửu Long : Báo cáo tổng kết đề tài khoa học và công nghệ cấp Trường

Nội dung đề tài nghiên cứu ứng dụng viễn thám (Landsat và Alos), công nghệ GIS theo dõi, đánh giá tình hình sạt lở ven biển khu vực ĐBSCL. Kết quả phục vụ công tác đánh giá tác động của việc biến đổi khí hậu đối với các tỉnh ven biển ĐBSCL....

Descrición completa

Gardado en:
Detalles Bibliográficos
Autor Principal: Phan, Kiều Diễm
Formato: Libro
Idioma:Undetermined
Publicado: Cần Thơ Trường Đại học Cần Thơ 2012
Những chủ đề:
Các nhãn: Engadir etiqueta
Sen Etiquetas, Sexa o primeiro en etiquetar este rexistro!
Thư viện lưu trữ: Trung tâm Học liệu Trường Đại học Cần Thơ
LEADER 01276nam a2200217Ia 4500
001 CTU_203541
008 210402s9999 xx 000 0 und d
082 |a 551.36 
082 |b D304 
088 |a T2012-67 
100 |a Phan, Kiều Diễm 
245 0 |a Hiện trạng sạt lở và bồi tụ khu vực ven biển và cửa sông Cửu Long : 
245 0 |b Báo cáo tổng kết đề tài khoa học và công nghệ cấp Trường 
245 0 |c Phan Kiều Diễm (chủ nhiệm đề tài) ; Nguyễn Thị Hồng Điệp ... [et al.] (tham gia thực hiện) 
260 |a Cần Thơ 
260 |b Trường Đại học Cần Thơ 
260 |c 2012 
520 |a Nội dung đề tài nghiên cứu ứng dụng viễn thám (Landsat và Alos), công nghệ GIS theo dõi, đánh giá tình hình sạt lở ven biển khu vực ĐBSCL. Kết quả phục vụ công tác đánh giá tác động của việc biến đổi khí hậu đối với các tỉnh ven biển ĐBSCL. 
650 |a Ocean waves,Sóng biển,Landslide dams,Sạt lở đất 
904 |i Qhieu 
980 |a Trung tâm Học liệu Trường Đại học Cần Thơ